UM Logo

Communication in our lives/ (Record no. 9499)

MARC details
000 -LEADER
fixed length control field 00615nam a22001937a 4500
008 - FIXED-LENGTH DATA ELEMENTS--GENERAL INFORMATION
fixed length control field 180705b ||||| |||| 00| 0 eng d
020 ## - INTERNATIONAL STANDARD BOOK NUMBER
International Standard Book Number 978-1-305-94954-6
082 ## - DEWEY DECIMAL CLASSIFICATION NUMBER
Edition number 2018
Classification number DC 302.2
Item number W873
100 ## - MAIN ENTRY--PERSONAL NAME
9 (RLIN) 28229
Personal name Wood, Julia T.
245 ## - TITLE STATEMENT
Title Communication in our lives/
Statement of responsibility, etc. Julia T. Wood.
250 ## - EDITION STATEMENT
Edition statement Eight Edition
260 ## - PUBLICATION, DISTRIBUTION, ETC. (IMPRINT)
Place of publication, distribution, etc. Australia:
Name of publisher, distributor, etc. CENGAGE Learning,
Date of publication, distribution, etc. ©2018.
300 ## - PHYSICAL DESCRIPTION
Extent v, 400 pages;
Other physical details color illustration:
Dimensions 27 cm.
521 ## - TARGET AUDIENCE NOTE
Target audience note Includes appendix, glossary, references and index.
650 #0 - SUBJECT ADDED ENTRY--TOPICAL TERM
9 (RLIN) 28230
Topical term or geographic name as entry element Communication
700 ## - ADDED ENTRY--PERSONAL NAME
9 (RLIN) 28232
Personal name Wood, Julia T.
365 ## - TRADE PRICE
Price amount 8,798.00
Currency code Php
942 ## - ADDED ENTRY ELEMENTS (KOHA)
Source of classification or shelving scheme Dewey Decimal Classification
Koha item type Circulation
Holdings
Withdrawn status Lost status Source of classification or shelving scheme Damaged status Not for loan Collection code Home library Current library Shelving location Date acquired Source of acquisition Cost, normal purchase price Total Checkouts Full call number Barcode Date last seen Date last checked out Copy number Price effective from Koha item type
    Dewey Decimal Classification     Circulation UM Digos College - LIC UM Digos College - LIC Book Cart 06/08/2018 Purchased 8798.00 12 DC 302.2 W873 2018 25015 05/15/2025 08/12/2020 1 07/05/2018 Circulation